| 000 | 00782nam a2200205Ia 4500 | ||
|---|---|---|---|
| 001 | 10129 | ||
| 003 | GE_BSU | ||
| 008 | 181216s||||||||xx |||||||||||||| ||und|| | ||
| 020 | _a1987-6157 | ||
| 040 | _cGE_BSU | ||
| 080 | _a81+82+93/94+37 | ||
| 245 | _aგულანი 14. =Gulani 14 | ||
| 245 | _cრედ. მერაბ ბერიძე.სარედ. საბჭო ნესტან სულავა (რედ.მოადგილე),მაკა ბერიძე(პასუხისმგებ. მდივანი და სხვ.) | ||
| 260 | _aახალციხე | ||
| 260 | _bახალციხის უნ–ტი | ||
| 260 | _c2014 | ||
| 300 | _a279გვ.20სმ. | ||
| 653 | _aგულანი 14. –Gulani 14 | ||
| 942 | _cBK | ||
| 999 |
_c43401 _d43401 |
||